Liverpool or Everton - Statistics

General Stats
  • This quiz has been taken 203 times
  • The average score is 11 of 15
Answer Stats
Question Answer % Correct
Robbie Fowler Liverpool
100%
Romelu Lukaku Everton
98%
Richarlison Everton
98%
Sadio Mane Liverpool
98%
Jordan pickford Everton
96%
Alex oxlade chamberlain Liverpool
96%
Theo Walcott Everton
90%
Emile Heskey Liverpool
90%
Jay Spearing Liverpool
78%
Abel Xavier Both
59%
Lloyd Jones Liverpool
51%
Conor Grant Everton
47%
Peter Beardsley Both
45%
Calum Dyson Everton
33%
David Burrows Both
27%
No matching quizzes found
Score Distribution
Percent of People with Each Score
Percentile by Number Answered
Your Score History
You have not taken this quiz